00868nam a2200229Ia 4500003000400000005001700004008004100021040001800062041000800080082002100088100002900109245009000138250001200228260004800240300003000288650004000318650005100358650003600409942003000445999001900475952014400494OSt20240816144910.0210716s1960 xx 000 0 und d cAIMIT LIBRARY aeng a374.22 21bTSEC aTse-tsung, Chow.9177443 aMay fourth movement : bintellectual revolution in modern china /cBy Chow Tse-tsung. a1st ed. aU S A :bStanford university press ,c1960. axiii,486p. ;bPBc22.5 cm aDevelopment of the movement9177444 aAnalysis of main intellectual currents9177445 aThe may fourth incident9177446 2ddccBKe1stk374.22 TSEC c201230d201230 00102ddc40708MBAaAIMITbAIMITd2006-06-15iBill no:; Bill dt:1900-01-00l0o374.22 TSECpMBA03796r2026-05-23 00:00:00w2021-07-16yBK